00433pab a2200133 454500008004000000100001800040245011900058260000900177300001500186362000800201650002700209650001500236773004800251180718b2010 xxu||||| |||| 00| 0 eng d aSilver, Helen aGetting the best out of federalism - The role of the productivity commission and the limits of national approaches c2010 ap.326-332. aSep aFederalism - Australia aFederalism aAustralian Journal of Public Administration